Majmaʻ-ul-baḥrain, or, The mingling of the two oceans / (Record no. 20399)

MARC details
000 -LEADER
fixed length control field 01295cam a2200337 a 4500
001 - CONTROL NUMBER
control field 3766669
003 - CONTROL NUMBER IDENTIFIER
control field BDDh-ASL
005 - DATE AND TIME OF LATEST TRANSACTION
control field 20231015025902.0
008 - FIXED-LENGTH DATA ELEMENTS--GENERAL INFORMATION
fixed length control field 880224r1929 ii b 001 0 eng
010 ## - LIBRARY OF CONGRESS CONTROL NUMBER
LC control number 82905280
040 ## - CATALOGING SOURCE
Original cataloging agency DLC
Transcribing agency DLC
Modifying agency DLC
-- BDDh-ASL
041 0# - LANGUAGE CODE
Language code of text/sound track or separate title engper
050 00 - LIBRARY OF CONGRESS CALL NUMBER
Classification number BP173.H5
Item number D3712 1982
082 ## - DEWEY DECIMAL CLASSIFICATION NUMBER
Classification number 297.09
Item number MAM
100 0# - MAIN ENTRY--PERSONAL NAME
Personal name Dārā Shikūh,
Titles and words associated with a name Prince, son of Shahjahan, Emperor of India,
Dates associated with a name 1615-1659.
240 10 - UNIFORM TITLE
Uniform title Majmaʻ al-Baḥrayn.
Language of a work English & Persian
245 10 - TITLE STATEMENT
Title Majmaʻ-ul-baḥrain, or, The mingling of the two oceans /
Statement of responsibility, etc. by Prince Muhammad Dārā S̲h̲ikūh ; edited in the original Persian with English translation, notes, and variants, by M. Mahfuz-ul-Haq.
260 ## - PUBLICATION, DISTRIBUTION, ETC.
Place of publication, distribution, etc. Calcutta :
Name of publisher, distributor, etc. Asiatic Society,
Date of publication, distribution, etc. 1929.
300 ## - PHYSICAL DESCRIPTION
Extent vi, 146 p. ;
Dimensions 25 cm.
440 #0 - SERIES STATEMENT/ADDED ENTRY--TITLE
Title Bibliotheca Indica ;
Volume/sequential designation work no. 246
500 ## - GENERAL NOTE
General note English and Persian.
500 ## - GENERAL NOTE
General note Originally published: Calcutta : Asiatic Society, 1929.
504 ## - BIBLIOGRAPHY, ETC. NOTE
Bibliography, etc. note Includes bibliographical references and indexes.
650 #0 - SUBJECT ADDED ENTRY--TOPICAL TERM
Topical term or geographic name entry element Islam
General subdivision Relations
-- Hinduism.
650 #0 - SUBJECT ADDED ENTRY--TOPICAL TERM
Topical term or geographic name entry element Hinduism
General subdivision Relations
-- Islam.
700 2# - ADDED ENTRY--PERSONAL NAME
Personal name Mahfuz-ul-Haq, M.
740 0# - ADDED ENTRY--UNCONTROLLED RELATED/ANALYTICAL TITLE
Uncontrolled related/analytical title Majmaʻ-ul-Baḥrain.
740 0# - ADDED ENTRY--UNCONTROLLED RELATED/ANALYTICAL TITLE
Uncontrolled related/analytical title Mingling of the two oceans.
906 ## - LOCAL DATA ELEMENT F, LDF (RLIN)
a 7
b cbc
c orignew
d 4
e ncip
f 19
g y-gencatlg
942 ## - ADDED ENTRY ELEMENTS (KOHA)
Source of classification or shelving scheme Dewey Decimal Classification
Koha item type Books
Holdings
Withdrawn status Lost status Source of classification or shelving scheme Damaged status Not for loan Collection code Home library Current library Shelving location Date acquired Source of acquisition Total Checkouts Full call number Barcode Date last seen Copy number Price effective from Koha item type Public note
    Dewey Decimal Classification   Not For Loan Non-fiction Asiatic Society Library Asiatic Society Library General Stacks 01/07/2021 ASB Collection   297.09 MAM 103838 01/07/2021 C-1 01/07/2021 Books RARE

Powered by Koha